000 00790nam a22002777a 4500
001 9224
003 FISKH
005 20251208101605.0
008 251203b cb ||||| |||| 00| 0 eng d
020 _a0590968254
040 _aFISKH
_beng
_cFISKH
_dFISKH
050 _aQB637 .M3
082 _a508
100 _aMaass, Robert
_eAuthor
245 _aWhen autumn comes /
_cRobert Maass
260 _aNew York :
_bScholastic Inc. ,
_c1990
300 _a32 unnumbered pages :
_bcolor illustrations ;
_c21 x 26 cm
490 _aWhen...comes :
_vAutumn
505 _aN
520 _aDepicts in words and photographs the coming of autumn.
521 8 _a600
_bLexile
521 8 _aN
_bRaz-Plus
650 _aSeasons
_vWhat happens in the fall
942 _2ddc
_cBK
_n0
999 _c9224
_d9224